000 00494nam a2200169Ia 4500
005 20250508160033.0
008 008 250505s9999 xx 000 0 eng d
037 _aBooks to be hide in OPAC
040 _aFEDL
_beng
_cFEDL
041 _aeng
_2eng
084 _a372.415, IRE/O
_qFEDL
245 0 _aFirst report of the committee
260 _aLondon, UK
_bHis Majesty's Stationery Office
_c1913
300 _a223p.
942 _cHB
_h372.415, IRE/O
999 _c1361279
_d1361279